| 000 | 00635nam a22002173a 4500 | ||
|---|---|---|---|
| 005 | 20231128063633.0 | ||
| 008 | 011011s1999 mx r 000 0 spa d | ||
| 020 | _a9701830075 | ||
| 035 | _aUPN01000112843 | ||
| 049 | _aCG | ||
| 050 | 4 |
_aN25 C5.7 _bP3.3 |
|
| 100 | 1 |
_aPastrana Flores, Gabriel Miguel, _d1967- _936674 |
|
| 245 | 1 | 0 |
_aArte tarasco / _cMiguel Pastrana. |
| 260 |
_aMéxico : _bCNCA, _c1999. |
||
| 300 |
_a29, [31] p. : _bil. col. |
||
| 440 | 0 | _aCírculo de arte | |
| 650 | 4 |
_aARTE TARASCO _92624 |
|
| 650 | 4 |
_aIndígenas de México _zMichoacán _916137 |
|
| 650 | 4 |
_aIndígenas de México _xArte _94693 |
|
| 905 | _aLibro | ||
| 999 |
_c86751 _d86751 |
||